Bodas de sangre

Salvato in:
Dettagli Bibliografici
Autore principale: García Lorca, Federico (autor)
Natura: Libro
Lingua:spagnolo
Pubblicazione: Buenos Aires Losada 1970
Edizione:9a. ed
Serie:Biblioteca Clásica y Contemporánea
Soggetti:
Tags: Aggiungi Tag
Nessun Tag, puoi essere il primo ad aggiungerne!!

MARC

LEADER 00000nam a2200000 a 4500
001 UCR3396
003 CL-VaPUC
008 980124e19700000AG |||||||||||||||||spa|d
082 0 4 |a 862  |b GAR  |2 21 
100 |a García Lorca, Federico   |e autor   |9 315690 
245 1 0 |a Bodas de sangre 
250 |a 9a. ed 
300 |a 123 p 
942 |c BK 
945 |d 19980124 00:00:00  |a aolguin 
260 |a Buenos Aires  |b Losada  |c 1970 
650 0 |a Dramas españoles  |9 267081 
650 0 |a Literatura española  |9 306261 
583 |a last modification  |c 19980124 00:00:00  |k Rodrigo Vera 
490 0 |a Biblioteca Clásica y Contemporánea 
999 |c 266473  |d 266471 
952 |0 0  |1 0  |4 0  |6 862_000000000000000_GAR_1970  |7 0  |8 R  |9 298081  |a BIBEDU  |b BIBEDU  |c MCIRC  |d 2019-11-20  |i 1937162  |o 862 GAR 1970  |p 1937162  |r 2023-01-13  |w 2019-11-20  |y BK_R  |k LIT